Soluble protein-free natural rubber latex prepared using guanidine hydrochloride as a denaturant (Record no. 75251)

MARC details
000 -LEADER
fixed length control field 00663nam a22002177a 4500
100 ## - MAIN ENTRY--AUTHOR NAME
Personal name Yusof, N.H.
245 ## - TITLE STATEMENT
Title Soluble protein-free natural rubber latex prepared using guanidine hydrochloride as a denaturant
260 ## - PUBLICATION, DISTRIBUTION, ETC. (IMPRINT)
Name of publisher Journal of Rubber Research, 26(2): 2023. 99-109.
300 ## - PHYSICAL DESCRIPTION
Other physical details May
650 ## - SUBJECT ADDED ENTRY--TOPICAL TERM
Topical Term Fresh field natural rubber latex
650 ## - SUBJECT ADDED ENTRY--TOPICAL TERM
Topical Term Guanidine hydrochloride
650 ## - SUBJECT ADDED ENTRY--TOPICAL TERM
Topical Term Extractable proteins
650 ## - SUBJECT ADDED ENTRY--TOPICAL TERM
Topical Term Antigenic proteins
650 ## - SUBJECT ADDED ENTRY--TOPICAL TERM
Topical Term Soluble protein-free natural rubber
650 ## - SUBJECT ADDED ENTRY--TOPICAL TERM
Topical Term Purified natural rubber
700 ## - ADDED ENTRY--PERSONAL NAME
Personal name Ibrahim, N
700 ## - ADDED ENTRY--PERSONAL NAME
Personal name Tan, K.S.
700 ## - ADDED ENTRY--PERSONAL NAME
Personal name Rahim, R.A.
700 ## - ADDED ENTRY--PERSONAL NAME
Personal name Rasdi, F.R.M
942 ## - ADDED ENTRY ELEMENTS (KOHA)
Koha item type Journals
Holdings
Withdrawn status Lost status Damaged status Not for loan Home library Current library Date acquired Koha item type
        RRII Library RRII Library 03/05/2024 Journals